Les années 70 en chansons - Statistiques

Statistiques générales
  • Ce quiz a été pris 136 fois
  • Le résultat moyen est 10 sur 15
Statistiques - réponses
Paroles Titre de la chanson % Correct
C'est un beau roman, c'est ___ _____ ________C'est une romance d'aujourd'hui Il rentrait chez lui, là-haut vers le brouillard Une belle histoire
93%
J'me présente, je m'appelle HenriJ'voudrais bien réussir ma vie, être aimé Être beau, gagner de l'argent Le chanteur
89%
Elle court, elle court__ _______ _'_____ Dans le coeur des enfants La maladie d'amour
88%
Notre vieille Terre est une étoileOù toi aussi tu brilles un peu Je viens te chanter __ _______ La ballade des gens heureux
84%
Moi je n'étais rienEt voilà qu'aujourd'hui Je suis le gardien Je l'aime à mourir
79%
J'voudrais bien mais j'peux pointC'est point commode d'être à la mode, quand on est _____ __ ____ C'est pas facile d'avoir du style quand on est une fille comme moué La bonne du curé
75%
On a tous dans le coeur une petite fille oubliéeUne jupe plisséeé, queue de cheval, à la sortie du lycée On a tous dans le coeur un morceau de ferraille usé Rockollection
70%
__ __ __ _'________ ___Dis-moi pourquoi j'existerais Pour traîner dans un monde sans toi Et si tu n'existais pas
67%
Il était cinq heures du matinOn avançait dans les marais Couverts de brume Le chasseur
56%
Il est six heures au clocher de l'égliseDans le square, les fleurs poétisent Une fille va sortir de la mairie Les mots bleus
56%
Comme un ______Aux yeux de lumière Qui voit passer au loin les _______ L'oiseau et l'enfant
56%
MondayTuesday Day after day, life slips away Laissez-moi danser
54%
Tous mes amis sont partisMon coeur a déménagé Mes vacances c'est toujours Paris Si maman si
44%
Tu m'as dit que j'étais faite pour une _____ __ ___J'ai des idées dans la tête et je fais c'que j'ai envie Je t'emmène faire le tour de __ _____ __ ___ Chanson sur ma drôle de vie
33%
Il faut que je vous chantePour oublier Une étoile filante Bélinda
28%
Aucun quiz correspondant
Distribution des résultats
% des personnes avec chaque résultat
Percentile par nombre de réponses
Votre historique - résultats
Vous n’avez pas pris ce quiz